Reputation Crisis Response Strategies on the Example of Selected Polish Companies
Reputácia ako mimoriadne zraniteľné aktívum podniku. Identifikácia zdrojov a príčin možných rizík poškodenia dobrého mena. Finančné a nefinančné následky zlej reputácie a následnej reakčnej stratégie u vybraných poľských spoločností.
Gespeichert in:
| 1. Verfasser: | |
|---|---|
| Weitere Verfasser: | , |
| Format: | Buchkapitel |
| Sprache: | Englisch |
| Schlagworte: | |
| Tags: |
Keine Tags, Fügen Sie das erste Tag hinzu!
|
MARC
| LEADER | 00000naa a2200000 4500 | ||
|---|---|---|---|
| 001 | 0267101 | ||
| 005 | 20220719070839.6 | ||
| 041 | 0 | |a eng | |
| 044 | |a CZ | ||
| 245 | 1 | 0 | |a Reputation Crisis Response Strategies on the Example of Selected Polish Companies |c Danuta Szwajca, Alina Gorczyńska, Tomasz Nawrocki |
| 520 | |a Reputácia ako mimoriadne zraniteľné aktívum podniku. Identifikácia zdrojov a príčin možných rizík poškodenia dobrého mena. Finančné a nefinančné následky zlej reputácie a následnej reakčnej stratégie u vybraných poľských spoločností. | ||
| 610 | 2 | 0 | |a reputácia podniku |
| 610 | 2 | 0 | |a kríza |
| 610 | 2 | 0 | |a riziko |
| 610 | 2 | 0 | |a spoločnosť |
| 610 | 2 | 0 | |a riadenie rizík |
| 100 | 1 | |a Szwajca, Danuta | |
| 700 | 1 | |a Gorczyńska, Alina | |
| 700 | 1 | |a Nawrocki, Tomasz | |